Porovnanie povrchových úprav PLA/PHB fólií korónou a difúznou plazmou pri atmosférickom tlaku.

Gespeichert in:
Bibliographische Detailangaben
1. Verfasser: Šafár, Peter (Verfasst von)
Weitere Verfasser: Černáková, Ľudmila (Betreuung Doktorarbeit)
Format: Manuskript Buch
Sprache:Slowakisch
Veröffentlicht: 2018
Schlagworte:
Online-Zugang:http://is.stuba.sk/zp/portal_zp.pl?podrobnosti=136407
Tags: Tag hinzufügen
Keine Tags, Fügen Sie das erste Tag hinzu!

MARC

LEADER 00000ntm a22000003a 4500
001 stuzp68736
003 SK-STU
005 20180602210806.8
007 ta
008 150427s2015----xo-----f-mn---000-0-slo-d
040 |a STU  |b slo 
041 0 |a slo 
100 1 |a Šafár, Peter  |u 049370  |4 aut  |U FCHPT Ústav prírodných a syntetických polymérov  |T FCHPT Oddelenie plastov, kaučuku a vlákien  |X 61291  |U C9370  |Y 128  |7 61291 
242 0 1 |a Comparison of surface treatment of PLA/PHB foils using corona and diffuse plasma at atmospheric pressure.  |y eng 
245 1 0 |a Porovnanie povrchových úprav PLA/PHB fólií korónou a difúznou plazmou pri atmosférickom tlaku. 
260 |c 2018 
650 4 |a polyhydroxybutyrát  |2 slo 
650 4 |a povrchová energia  |2 slo 
650 4 |a koróna  |2 slo 
650 4 |a kyselina polymliečna  |2 slo 
650 4 |a plazma  |2 slo 
650 4 |a polylactid acid  |2 eng 
650 4 |a surface energy  |2 eng 
650 4 |a plasma  |2 eng 
650 4 |a corona  |2 eng 
650 4 |a polyhydroxybuthyrate  |2 eng 
700 1 |a Černáková, Ľudmila  |u 049370  |k Z1  |4 ths  |U FCHPT Ústav prírodných a syntetických polymérov  |T FCHPT Oddelenie plastov, kaučuku a vlákien  |X 4689  |U C9370  |Y 128  |7 A000004689 
856 4 |u http://is.stuba.sk/zp/portal_zp.pl?podrobnosti=136407